000 00442nam a2200169 a 4500
001 0000-9093
003 ELIB.Books
008 110520 1990
035 _a(ELIB.Books)0000-9242
082 _a268.434
_bDeb
100 _aDeberg, Betty A.
245 _aUngodly Women
260 _bMinneapolis: Fortress Press
_c1990
650 _aChristian Education
942 _2ddc
_cBK
998 _cbat
_e2011-05-20
_mcat
_u2019-08-28
999 _c9093
_d9093